Le joueur italien le mieux classé par édition du Ballon d'Or - Statistiques

Statistiques générales
  • Ce quiz a été pris 123 fois
  • Le résultat moyen est 24 sur 58
Statistiques - réponses
Années Classement Postes Joueurs % Correct
2017 4 G Gianluigi Buffon
98%
2016 9 G Gianluigi Buffon
98%
2008 18 G Gianluigi Buffon
98%
2004 21 G Gianluigi Buffon
98%
2025 9 G Gianluigi Donnarumma
98%
2005 6 D Paolo Maldini
93%
2003 3 D Paolo Maldini
93%
1992 15 D Paolo Maldini
93%
2006 1 D Fabio Cannavaro
91%
2013 10 M Andrea Pirlo
85%
2012 7 M Andrea Pirlo
85%
2007 5 M Andrea Pirlo
85%
2021 3 M Jorginho
82%
2002 10 A Alessandro Del Piero
78%
1998 16 A Alessandro Del Piero
78%
1996 4 A Alessandro Del Piero
78%
1995 4 A Alessandro Del Piero
78%
1994 2 A Roberto Baggio
75%
1993 1 A Roberto Baggio
75%
2000 5 D Alessandro Nesta
71%
2001 5 A Francesco Totti
70%
2023 27 M Nicolo Barella
65%
1982 1 A Paolo Rossi
57%
1979 6 A Paolo Rossi
57%
1989 2 D Franco Baresi
48%
1981 6 G Dino Zoff
37%
1980 13 G Dino Zoff
37%
1975 14 G Dino Zoff
37%
1973 2 G Dino Zoff
37%
1999 7 A Christian Vieri
34%
1997 9 A Christian Vieri
34%
1969 1 A Gianni Rivera
22%
1963 2 A Gianni Rivera
22%
1962 6 A Gianni Rivera
22%
1970 3 A Luigi Riva
18%
1991 7 A Gianluca Vialli
13%
1988 7 A Gianluca Vialli
13%
1987 8 A Gianluca Vialli
13%
1961 1 A Omar Sivori
9%
1960 9 A Omar Sivori
9%
1968 5 D Giacinto Fachetti
7%
1965 2 D Giancito Fachetti
7%
1990 2 A Salvatore Schillaci
5%
1972 17 M/A Sandro Mazzola
5%
1971 2 M/A Sandro Mazzola
5%
1966 10 M/A Sandro Mazzola
5%
1984 16 D Antonio Cabrini
3%
1974 18 A José Altafini
3%
1986 10 A Alessandro Altobelli
2%
1976 12 A Franco Causio
2%
1967 11 A Mario Corso
2%
1964 7 A Mario Corso
2%
1978 4 A Roberto Bettega
2%
1977 4 A Roberto Bettega
2%
1983 19 M/A Bruno Conti
1%
1958 22 A Bruno Nicole
1%
1957 14 M/A Juan Schiaffino
0%
1956 12 M/A Julinho
0%
Aucun quiz correspondant
Distribution des résultats
% des personnes avec chaque résultat
Percentile par nombre de réponses
Votre historique - résultats
Vous n’avez pas pris ce quiz